00433 2200181 4500245003200000020002200032250001100054100001700065700001800082650002000100650001600120005001900136260003500155041001400190084000800204300003000212336000900242 aDimensicTriani RetnohText a978-602-02-4423-5 aCet. 1 aTriani Retno aRassa Shienta aFiksi Indonesia aNovel Fiksi a20241018093436 aJakartabKompas Gramediac2014 aIndonesia a813 aviii, 195 hlm. :c19,5 cm atext